000 01242nam a2200229 4500
005 20250326123234.0
008 250326b |||||||| |||| 00| 0 eng d
020 _a9789394105027
037 _cTextual
040 _aRTL
_cRTL
084 _aV2:51y7M93:g H4
_qRTL
100 _aAmbedkar, Dr. B. R.
_9747605
245 _aAnnihilation of caste
250 _a3rd
260 _aIndia
_bPirates India
_c1944
300 _avii, 205p.
520 _a‘Annihilation of Caste’ is a thought-provoking and revolutionary work by Dr B R Ambedkar, one of the most influential figures in Indian history. Originally written as a speech for a conference in 1936, this book challenges the deep-rooted caste system in India and the social hierarchy it creates. Dr Ambedkar argues that the caste system perpetuates social and economic inequality, and impedes progress and growth for the nation as a whole. He presents a compelling case for the annihilation of caste and the creation of a society based on principles of equality and justice.
650 _aAnnihilationalism; Caste-India
_9747606
650 _aSocial Sciences
650 _aSocial and economic level
_9747607
942 _2CC
_n0
_cTB
_hV2:51y7M93:g H4
999 _c1269283
_d1269283